000
00337nam a22001457a 4500
008
230706b ||||| |||| 00| 0 eng d
020
_a
9780078024252
041
_a
eng
080
_2
SECOND EDITION
_a
573
082
_a
573HOE
100
_a
15
101
_a
MEDBIOL
245
_a
BIOLOGY THR ESSENTIALS
_c
HOEFNAGELS.M
942
_2
udc
_c
BK
999
_c
60096
_d
60096